000 00612nam a2200217Ii 4500
003 JO-AjNU
008 230606s9999||||xx |||||||||||||| ||und||
020 _a978-93-80856-87-2
040 _aJO-AjNU
_beng
_erda
_cJO-AjNU
041 _aeng
050 1 4 _aTA330.2013
100 3 _aGOTAL,Manish/Bali,n.p,
_eauthor
_93781
245 0 2 _aA textbook Engineering Mathematics
250 _a1 ed
264 3 1 _aNew Dehi: University Science press,2013
300 _a487p
336 _atext
_btxt
_2rdacontent
337 _aunmediated
_bn
_2rdamedia
338 _avolume
_bnc
_2rdacarrier
650 4 _aEngineering
_93782
999 _aE1973
_c1973
_d1973